Určenie dane za nevýherné hracie prístroje podľa pomôcok
Postup správcu dane (obce), po zistení, že daňovník bol povinný priznať daň za nevýherné hracie prístroje, pričom toto daňové priznanie nepodal ani na základe výzvy obce. Obec môže prevziať iniciatívu a pristúpiť k procesu určenia dane podľa pomôcok pri miestnej dani. Príklad z praxe.
Enregistré dans:
| Auteur principal: | |
|---|---|
| Format: | Chapitre de livre |
| Langue: | slovaque |
| Sujets: | |
| Tags: |
Pas de tags, Soyez le premier à ajouter un tag!
|
MARC
| LEADER | 00000naa a2200000 4500 | ||
|---|---|---|---|
| 001 | 0287013 | ||
| 005 | 20240417075211.9 | ||
| 041 | 0 | |a slo | |
| 044 | |a SK | ||
| 245 | 1 | 0 | |a Určenie dane za nevýherné hracie prístroje podľa pomôcok |c Jaroslava Mitringová |
| 520 | |a Postup správcu dane (obce), po zistení, že daňovník bol povinný priznať daň za nevýherné hracie prístroje, pričom toto daňové priznanie nepodal ani na základe výzvy obce. Obec môže prevziať iniciatívu a pristúpiť k procesu určenia dane podľa pomôcok pri miestnej dani. Príklad z praxe. | ||
| 610 | 2 | 0 | |a správa daňová |
| 610 | 2 | 0 | |a obce |
| 610 | 2 | 0 | |a dane miestne |
| 610 | 2 | 0 | |a automaty predajné |
| 610 | 2 | 0 | |a poplatky miestne |
| 610 | 2 | 0 | |a legislatíva |
| 100 | 1 | |a Mitringová, Jaroslava | |